000
00355nam a2200145Ia 4500
008
151213s9999 xx 000 0 und d
100
_a
A. M .Rugman
245
_a
International Business
_c
A. M .Rugman
260
_a
London
_b
Mc Graw Hill
_c
1995
300
_a
2706 p.
650
_a
Business
650
_a
Business
700
_a
A. M .Rugman
999
_c
1817
_d
1817